| 000 | 00666cas a22002055a 4500 | ||
|---|---|---|---|
| 001 | L139224 | ||
| 008 | 070724c19631978xxumr p 0 a0eng u | ||
| 035 | _a(Sirsi) u139224 | ||
| 041 | 0 | _aeng | |
| 110 | 2 |
_aSociety of Real Estate Appraisers _92098 |
|
| 245 | 0 | 4 | _aThe Real Estate Appraiser |
| 260 |
_aChicago _bSociety fo Real Estate Appraisers |
||
| 362 | 0 | _a29(1) January 1963-44(4) July/August 1978 | |
| 554 |
_a12 per year _b1963-1967 _aSix per year _b1968-1978 |
||
| 651 | 4 | _aUnited States | |
| 690 | _aPROPERTY-PROPERTY APPRAISAL AND VALUATION | ||
| 780 | 0 | 0 | _tResidential Appraiser |
| 785 | 0 | 0 |
_tReal Estate Appraiser and Analyst _x0271-258X |
| 942 | _n0 | ||
| 999 |
_c119078 _d119078 |
||